| 000 | 00845nam a2200253 a 4500 | ||
|---|---|---|---|
| 001 | 595 | ||
| 003 | BR-CuiBMT | ||
| 005 | 20231129144210.0 | ||
| 008 | 231110s2007 rjba 000 0 por d | ||
| 020 | _a9788535222906 | ||
| 040 |
_aBR-CuiBMT _cBR-CuiBMT |
||
| 080 |
_22007 _a34:336.22 _x(079.1) |
||
| 090 |
_a34:336.22(079.1) _bB726d |
||
| 100 | 1 | _aBorba, Claudio | |
| 245 | 1 | 0 |
_aDireito tributário II : _blivro primeiro do Código Tributário Nacional e demais leis sobre as normas gerais / _cClaudio Borba. |
| 260 |
_aRio de Janeiro : _bElsevier ; _c2007. |
||
| 300 |
_a294 p. : _bil. ; _c24 cm |
||
| 490 | 1 |
_aSérie compendium ; _vv. 2 |
|
| 504 | _aInclui bibliografia. | ||
| 650 |
_aServiço público _xConcursos _zBrasil |
||
| 650 |
_aDireito tributário _vNormas e leis _xConcursos públicos |
||
| 830 | 0 |
_aCompendium ; _v2 |
|
| 942 |
_2udc _cLV |
||
| 999 |
_c595 _d595 |
||